Ελληνική γλώσσα και δημοσιογραφικός λόγος
Αποθηκεύτηκε σε:
| Κύριος συγγραφέας: | |
|---|---|
| Μορφή: | Βιβλίο |
| Γλώσσα: | Greek |
| Δημοσίευση: |
Αθήνα :
Gutenberg,
1999
|
| Θέματα: | |
| Ετικέτες: |
Προσθήκη ετικέτας
Δεν υπάρχουν, Καταχωρήστε ετικέτα πρώτοι!
|
MARC
| LEADER | 00000nam a2200000 i 4500 | ||
|---|---|---|---|
| 001 | 1/12891 | ||
| 008 | 001101s1999 gre d | ||
| 020 | |a 960-01-0792-0 | ||
| 035 | |l 10064390 | ||
| 040 | |a GR-MY-UA |b gre |e aacr | ||
| 041 | 0 | |a gre | |
| 082 | 0 | |a 808.06607 | |
| 100 | 1 | |a Χατζησαββίδης, Σοφρώνης Α. | |
| 245 | 1 | 0 | |a Ελληνική γλώσσα και δημοσιογραφικός λόγος / |c Σωφρόνης Χατζησαββίδης |
| 260 | |a Αθήνα : |b Gutenberg, |c 1999 | ||
| 300 | |a 167 σ. | ||
| 650 | 0 | 0 | |a Journalism |z Greece |x Authorship. |
| 650 | 0 | 0 | |a Greek language, Modern. |
| 852 | |a INST |b LESVOS |e 20001101 |h 808.06607 ΧΑΤ |p 005100028892 |q 005100028892 |t BK |y 0 | ||
| 901 | |a BIBL1-2001-2 | ||
| 909 | |a Λ |b 081106 | ||
| 922 | |a 1ΕΛΗ |b 200010 |c ΤΑΚ/ΠΤΕ |d ΠΑΠΑΣΩΤΗΡΙΟΥ | ||
| 950 | |a 185-2000-07-07 | ||
| 970 | |a ΤΖΑΦΕΡΗ |b ΕΥΑΓΓΕΛΙΑ |z 2001/06/08 | ||